000 006810000a22002410004500
003 LK-CoMWRAF
005 20231102172936.0
008 230817t ||||| |||| 00| 0 eng d
020 _a1571202323
040 _aLK-CoMWRAF
_dLK-CoMWRAF
_eLK-CoMWRAF
041 _aeng
082 _a746.40
_bBAK
100 _aBaker, Barbara
100 _aBoe, Jeri
245 _aQuilt the seasons :
_b24 Projects to build your skills
260 _aLafayette, Ca. :
_bC & T publishing,
_c2004
300 _a96 p. : ill. (chiefly col.) ; 28 cm.
650 _aPatchwork--Patterns
650 _aQuilting
650 _aMachine appliqué--Patterns
650 _aHousehold linens
942 _cBK
999 _c1276
_d1276